| 000 | 00978nas a2200325 4500 | ||
|---|---|---|---|
| 001 | BR0400249 | ||
| 003 | BR-BrBNA | ||
| 005 | 20231205104348.0 | ||
| 007 | ta | ||
| 008 | 230509b bl.|||p| |||| 00| 00por d | ||
| 040 |
_aBR-BrBNA _bpor _cBiblioteca Nacional de Agricultura |
||
| 041 | _a(Pt) | ||
| 072 | _aL53; L73 | ||
| 100 | 1 | _aMoura, J.C.A. | |
| 100 | 1 | _aGusmão, A.L. | |
| 100 | 1 | _aResende, J. | |
| 100 | 1 | _aOliveira, J.V.A. | |
| 100 | 1 | _aChalhoub, M.C.L. | |
| 100 | 1 | _aRibeiro Filho, A.L. | |
| 100 | 1 | _aFonseca, L.S. | |
| 245 | 1 | _aInfluência da hidromucometra sobre a eficiência reprodutiva de éguas da raça Campolina | |
| 650 | _aÉGUA | ||
| 650 | _aRAÇA | ||
| 650 | _aENDOMETRITE | ||
| 650 | _aULTRA-SOM | ||
| 650 | _aEFICIÊNCIA REPRODUTIVA | ||
| 773 | 0 |
_tRevista Brasileira de Reprodução Animal (Brazil) _xISSN 0102-0803 _g(Jul-Sep 2003), v. 27(3) p. 574-576 _wBR0400249 |
|
| 909 |
_a202311 _bLúcia _c55 _dLúcia Elande |
||
| 942 |
_2AGRIS _n0 _cANA |
||
| 999 |
_c177753 _d177753 |
||